[Event "SVK Extraliga 2019-20"]
[Site "Slovakia"]
[Date "2019.10.20"]
[Round "2.5"]
[White "Bochnicka, Vladimir"]
[Black "Piesik, Piotr"]
[Result "0-1"]
[WhiteElo "2087"]
[BlackElo "2407"]
[Annotator "NA"]
[PlyCount "126"]
[EventDate "2019.10.19"]
[EventType "team-tourn"]
[EventCountry "SVK"]
[SourceTitle "playchess.com"]
[Source "ChessBase"]
[SourceQuality "1"]
[WhiteTeam "Modra"]
[BlackTeam "Dubnica"]
[TimeControl "40/5400+30:1800+30"]

1. e4 {[%emt 0:00:15]} g6 {[%emt 0:00:06]} 2. d4 {[%emt 0:00:06]} Bg7 {[%emt 0:00:04]} 3. Nf3 {[%emt 0:00:07]} d6 {[%emt 0:04:04]} 4. Bc4 {[%emt 0:00:25]} Nf6 {[%emt 0:00:37]} 5. Qe2 {[%emt 0:00:12]} c6 {[%emt 0:06:16]} 6. Bb3 {[%emt 0:03:34]} O-O {[%emt 0:02:25]} 7. O-O {[%emt 0:00:10]} Bg4 {[%emt 0:10:02]} 8. Nbd2 {[%emt 0:01:02]} Nh5 {[%emt 0:11:48] B06: Modern Defence} (8... e5 9. dxe5 dxe5 10. h3 Bxf3 11. Nxf3 Nbd7 12. c3 Qe7 13. Bc2 a5 14. a4 Nh5 15. g3 Nc5 16. Kg2 Rfe8 {1-0 (81) Indjic,A (2620)-Guseinov,G (2664) St Petersburg 2018}) 9. h3 {[%emt 0:04:28]} Bxf3 {[%emt 0:02:20]} 10. Nxf3 {[%emt 0:00:11]} e5 {[%emt 0:00:04]} 11. dxe5 $146 {[%emt 0:02:04]} ({Predecessor:} 11. Bg5 Qc7 12. Rad1 h6 13. Be3 Re8 14. dxe5 dxe5 15. Nh4 Kh7 16. Qf3 {1-0 (35) Gombac,J (2132)-Skoberne,J (1894) Slovenia 2002}) 11... dxe5 {[%emt 0:00:05]} 12. Rd1 {[%emt 0:00:41]} Qc7 {[%emt 0:02:57]} 13. Bg5 {[%emt 0:04:12]} Na6 {[%emt 0:02:07]} 14. Bc4 {[%emt 0:16:24]} b5 {[%emt 0:02:30]} 15. Bb3 {[%emt 0:00:37]} Nf4 {[%emt 0:10:00]} 16. Qf1 {[%emt 0:13:20]} Nc5 {[%emt 0:01:48]} 17. g3 {[%emt 0:00:44]} Nfe6 {[%emt 0:00:05]} 18. Qe1 {[%emt 0:19:45]} a5 {[%emt 0:05:57]} 19. Bxe6 {[%emt 0:02:17]} Nxe6 {[%emt 0:00:04]} 20. c3 {[%emt 0:00:57]} a4 {[%emt 0:02:25]} 21. Rd2 {[%emt 0:01:40]} Nxg5 {[%emt 0:07:21]} 22. Nxg5 {[%emt 0:00:02]} Bh6 {[%emt 0:00:08]} 23. h4 {[%emt 0:00:18]} Qe7 {[%emt 0:00:06]} 24. Rad1 {[%emt 0:01:39]} Bxg5 {[%emt 0:01:47]} 25. Rd7 {[%emt 0:00:29]} Qe6 {[%emt 0:00:04]} 26. hxg5 {[%emt 0:00:54]} Qxa2 {[%emt 0:00:06]} 27. R1d2 {[%emt 0:06:18]} a3 {[%emt 0:00:57]} 28. bxa3 {[%emt 0:00:44]} Qc4 {[%emt 0:06:49]} 29. Qe3 {[%emt 0:09:37]} Rxa3 $15 {[%emt 0:00:30]} 30. Rd8 {[%emt 0:01:57]} Ra1+ {[%emt 0:07:13]} 31. Kh2 {[%emt 0:00:08]} Ra8 {[%emt 0:01:44]} 32. Qb6 {[%emt 0:01:36]} Kg7 {[%emt 0:01:16]} 33. Rxa8 {[%emt 0:04:24]} Rxa8 {[%emt 0:00:06]} 34. Rd7 {[%emt 0:02:59]} Qxe4 {[%emt 0:03:37]} 35. Rxf7+ {[%emt 0:02:23]} Kxf7 {[%emt 0:00:01]} 36. Qb7+ {[%emt 0:00:11]} Ke6 {[%emt 0:00:03]} 37. Qxa8 {[%emt 0:00:11]} Qf3 {[%emt 0:01:01]} 38. Qg8+ {[%emt 0:01:17]} Qf7 {[%emt 0:04:38]} 39. Qc8+ {[%emt 0:00:26]} Qd7 {[%emt 0:00:50]} 40. Qg8+ {[%emt 0:00:36]} Kf5 {[%emt 0:02:31]} 41. Qh8 {[%emt 0:05:35]} Ke4 {[%emt 0:05:05]} 42. Qf6 {[%emt 0:01:09]} Qc7 {[%emt 0:00:21]} 43. Qe6 {[%emt 0:07:24]} Kf3 {[%emt 0:09:16]} 44. Kg1 {[%emt 0:05:49]} Ke2 {[%emt 0:10:35]} 45. Qa2+ {[%emt 0:00:30]} Kd3 {[%emt 0:00:06]} 46. Qb3 {[%emt 0:00:14]} Qb7 {[%emt 0:02:31]} 47. c4+ {[%emt 0:04:02]} Kd4 {[%emt 0:00:07]} 48. Qb4 {[%emt 0:09:07]} c5 {[%emt 0:01:37]} 49. Qb2+ {[%emt 0:00:33]} Kxc4 {[%emt 0:00:08]} 50. Qa2+ {[%emt 0:00:34]} Kd4 {[%emt 0:02:08]} 51. Qd2+ {[%emt 0:00:12]} Ke4 {[%emt 0:01:19]} 52. g4 {[%emt 0:00:35]} Kf3 {[%emt 0:01:45]} 53. Qe3+ {[%emt 0:00:49]} Kxg4 {[%emt 0:00:06]} 54. Qxc5 {[%emt 0:00:29]} Kf5 {[%emt 0:01:42]} 55. Qd6 {[%emt 0:00:30]} e4 {[%emt 0:01:24]} 56. Qf6+ {[%emt 0:00:24]} Kg4 {[%emt 0:00:01]} 57. Kg2 {[%emt 0:00:40]} b4 {[%emt 0:00:54]} 58. Qe5 {[%emt 0:00:32]} b3 {[%emt 0:00:31]} 59. Qe6+ {[%emt 0:00:28]} Kxg5 {[%emt 0:00:14]} 60. Qe5+ {[%emt 0:00:01]} Kh6 {[%emt 0:00:12]} 61. Qf6 {[%emt 0:01:00]} b2 {[%emt 0:01:24]} 62. Qf8+ {[%emt 0:00:20]} Kh5 {[%emt 0:00:06]} 63. Qc5+ {[%emt 0:00:31]} g5 {[%emt 0:00:07]} 0-1

[Event "SVK Extraliga 2019-20"]
[Site "Slovakia"]
[Date "2019.10.20"]
[Round "2.6"]
[White "Jurcik, Martin"]
[Black "Tropp, Oliver"]
[Result "1-0"]
[WhiteElo "2360"]
[BlackElo "2157"]
[Annotator "NA"]
[PlyCount "61"]
[EventDate "2019.10.19"]
[EventType "team-tourn"]
[EventCountry "SVK"]
[SourceTitle "playchess.com"]
[Source "ChessBase"]
[SourceQuality "1"]
[WhiteTeam "Dunajov"]
[BlackTeam "Liptovska"]
[TimeControl "40/5400+30:1800+30"]

1. e4 {[%emt 0:00:00]} e6 {[%emt 0:00:00]} 2. d4 {[%emt 0:00:12]} d5 {[%emt 0:00:00]} 3. Nd2 {[%emt 0:00:29]} Nf6 {[%emt 0:00:00]} 4. e5 {[%emt 0:00:37]} Nfd7 {[%emt 0:00:00]} 5. Bd3 {[%emt 0:00:52]} c5 {[%emt 0:00:00]} 6. c3 {[%emt 0:00:34]} b6 {[%emt 0:01:22]} 7. Ndf3 {[%emt 0:25:47]} Be7 {[%emt 0:01:17]} 8. Ne2 {[%emt 0:00:44]} Ba6 {[%emt 0:00:09]} 9. Bb1 {[%emt 0:00:44]} Nc6 {[%emt 0:02:19]} 10. O-O {[%emt 0:00:57] C06: French Tarrasch: 3...Nf6 4 e5 Nfd7 5 Bd3 main lines} g5 {[%emt 0:00:47]} (10... h6 11. Re1 g5 12. Be3 h5 13. Qa4 Bb7 14. Nd2 a6 15. f4 b5 16. Qd1 cxd4 17. cxd4 Qb6 {½-½ (46) Idani,P (2502)-Wang,Y (2415) Sharjah 2014}) 11. Be3 {[%emt 0:03:36]} g4 {[%emt 0:03:00]} 12. Ne1 {[%emt 0:01:12]} Bg5 $146 {[%emt 0:00:48]} ({Predecessor:} 12... Qc7 13. f4 h5 14. f5 O-O-O 15. Nd3 Rdg8 16. Qd2 h4 17. Bc2 h3 {1-0 (32) Yuldashev,S (2029)-Ahamed,H Udaipur 2000}) 13. Qd2 {[%emt 0:08:10]} Bxe3 {[%emt 0:03:48]} 14. Qxe3 {[%emt 0:00:07]} cxd4 {[%emt 0:01:09]} 15. cxd4 {[%emt 0:00:04]} Bxe2 {[%emt 0:13:00]} 16. Qxe2 {[%emt 0:00:16]} Qg5 {[%emt 0:00:03]} 17. f4 {[%emt 0:21:17]} gxf3 {[%emt 0:00:44]} 18. Nxf3 {[%emt 0:00:43]} Qf4 {[%emt 0:03:29]} 19. Qf2 {[%emt 0:00:11]} Rc8 {[%emt 0:05:56]} 20. g3 {[%emt 0:13:50]} Qg4 {[%emt 0:01:36]} 21. Bc2 {[%emt 0:02:40]} a6 {[%emt 0:02:41]} (21... O-O $16) 22. Rad1 {[%emt 0:02:08]} b5 {[%emt 0:08:19]} 23. Bb1 {[%emt 0:00:40]} O-O {[%emt 0:05:01]} 24. Qd2 $16 {[%emt 0:11:56]} Qg7 {[%emt 0:05:30]} 25. Ng5 {[%emt 0:01:58]} Nxd4 {[%emt 0:23:31]} 26. Nxh7 {[%emt 0:00:01]} Rc4 {[%emt 0:00:08]} 27. Nxf8 {[%emt 0:02:38]} Nxe5 {[%emt 0:00:06]} 28. Kh1 {[%emt 0:00:22]} Ndf3 {[%emt 0:04:04]} 29. Qe2 {[%emt 0:00:16]} Kxf8 {[%emt 0:02:10]} 30. Rxf3 {[%emt 0:01:15]} Qg4 {[%emt 0:00:53]} 31. Rf2 {[%emt 0:00:35]} 1-0

[Event "SVK Extraliga 2019-20"]
[Site "Slovakia"]
[Date "2019.10.20"]
[Round "2.6"]
[White "Csonka, Attila Istvan"]
[Black "Najgebauer, Szemjon"]
[Result "1/2-1/2"]
[WhiteElo "2355"]
[BlackElo "2186"]
[Annotator "ChessBase"]
[PlyCount "119"]
[EventDate "2019.10.19"]
[EventType "team-tourn"]
[EventCountry "SVK"]
[SourceTitle "playchess.com"]
[Source "ChessBase"]
[SourceQuality "1"]
[TimeControl "40/5400+30:1800+30"]

1. e4 {[%emt 0:00:00]} c5 {[%emt 0:00:23]} 2. Nf3 {[%emt 0:00:00]} Nc6 {[%emt 0:00:22]} 3. d4 {[%emt 0:00:00]} cxd4 {[%emt 0:00:15]} 4. Nxd4 {[%emt 0:00:00]} Nf6 {[%emt 0:00:38]} 5. Nc3 {[%emt 0:00:05]} e5 {[%emt 0:01:11]} 6. Ndb5 {[%emt 0:00:05]} d6 {[%emt 0:00:42]} 7. Bg5 {[%emt 0:00:05]} a6 {[%emt 0:00:16]} 8. Na3 {[%emt 0:00:04]} b5 {[%emt 0:00:26]} 9. Nd5 {[%emt 0:00:06]} Be7 {[%emt 0:00:05]} 10. Bxf6 {[%emt 0:00:04]} Bxf6 {[%emt 0:00:06]} 11. c4 {[%emt 0:00:04]} b4 {[%emt 0:01:50]} 12. Nc2 {[%emt 0:00:05]} Rb8 {[%emt 0:03:44]} 13. b3 {[%emt 0:00:07]} Bg5 {[%emt 0:02:38]} 14. g3 {[%emt 0:00:47]} O-O {[%emt 0:00:54]} 15. h4 {[%emt 0:00:51]} Bh6 {[%emt 0:00:58]} 16. Bh3 {[%emt 0:00:07]} Be6 {[%emt 0:02:15]} 17. Kf1 {[%emt 0:00:14]} a5 {[%emt 0:04:00]} 18. Kg2 {[%emt 0:04:49]} Rb7 {[%emt 0:05:07]} 19. Qh5 {[%emt 0:02:15]} Nb8 {[%emt 0:11:40]} 20. Bf5 {[%emt 0:02:05]} Bxd5 {[%emt 0:09:38]} 21. cxd5 {[%emt 0:02:14]} Nd7 {[%emt 0:01:30]} 22. Ne3 {[%emt 0:06:23]} Nf6 {[%emt 0:04:13]} 23. Qf3 {[%emt 0:01:45]} Bxe3 {[%emt 0:01:15]} 24. Qxe3 {[%emt 0:01:34]} Nd7 {[%emt 0:08:04]} 25. h5 {[%emt 0:10:23]} Nc5 {[%emt 0:02:14]} 26. Rh4 {[%emt 0:05:25]} h6 {[%emt 0:06:38]} 27. Rhh1 {[%emt 0:04:39]} Qe7 {[%emt 0:03:26]} 28. Rac1 {[%emt 0:01:30]} Ra8 {[%emt 0:01:08]} 29. Rhd1 {[%emt 0:01:47]} Qg5 {[%emt 0:02:11]} 30. Qe2 {[%emt 0:02:51]} a4 {[%emt 0:03:11]} 31. Rxc5 {[%emt 0:00:59]} dxc5 {[%emt 0:00:09]} 32. d6 {[%emt 0:00:16]} axb3 {[%emt 0:03:54]} 33. axb3 {[%emt 0:00:15]} Rd8 {[%emt 0:03:15]} 34. Rd5 {[%emt 0:02:02]} Qf6 {[%emt 0:03:36]} 35. Qa6 {[%emt 0:04:41]} Rbb8 {[%emt 0:00:55]} 36. Qc6 {[%emt 0:00:07]} g6 {[%emt 0:01:37]} 37. Bh3 {[%emt 0:00:05]} gxh5 {[%emt 0:05:27]} 38. Qxc5 {[%emt 0:01:37]} h4 {[%emt 0:00:09]} 39. d7 {[%emt 0:01:44]} hxg3 {[%emt 0:00:41]} 40. fxg3 {[%emt 0:00:09]} Ra8 {[%emt 0:01:15]} 41. Rd2 {[%emt 0:30:11]} Qg5 {[%emt 0:19:42]} 42. Rf2 {[%emt 0:00:00]} Kh8 {[%emt 0:09:22]} 43. Bf5 {[%emt 0:00:00]} f6 {[%emt 0:02:51]} 44. Qxb4 {[%emt 0:00:00]} Rg8 {[%emt 0:00:28]} 45. Qc3 {[%emt 0:00:00]} Qh4 {[%emt 0:02:13]} 46. Qf3 {[%emt 0:00:00]} Ra1 {[%emt 0:01:49]} 47. Bh3 {[%emt 0:00:00]} Rxg3+ {[%emt 0:02:36]} 48. Qxg3 {[%emt 0:00:00]} Rg1+ {[%emt 0:00:07]} 49. Kxg1 {[%emt 0:00:00]} Qxg3+ {[%emt 0:00:06]} 50. Rg2 {[%emt 0:00:00]} Qe3+ {[%emt 0:00:07]} 51. Rf2 {[%emt 0:02:06]} Qg3+ {[%emt 0:00:06]} 52. Bg2 {[%emt 0:02:25]} Qd3 {[%emt 0:01:01]} 53. Rxf6 {[%emt 0:02:14]} Kg7 {[%emt 0:01:02]} 54. Rf3 {[%emt 0:04:05]} Qxd7 {[%emt 0:00:11]} 55. Kh2 {[%emt 0:02:05]} Qd4 {[%emt 0:00:40]} 56. Rg3+ {[%emt 0:03:54]} Kf6 {[%emt 0:00:12]} 57. Rf3+ {[%emt 0:00:17]} Kg6 {[%emt 0:00:28]} 58. Rg3+ {[%emt 0:07:24]} Kf6 {[%emt 0:00:15]} 59. Rf3+ {[%emt 0:02:31]} Kg6 {[%emt 0:00:21]} 60. Rg3+ {[%emt 0:00:37]} 1/2-1/2

[Event "SVK Extraliga 2019-20"]
[Site "Slovakia"]
[Date "2019.10.22"]
[Round "2.6"]
[White "Schwarz, Dusan"]
[Black "Kostolansky, Sebastian Lukas"]
[Result "0-1"]
[WhiteElo "2315"]
[BlackElo "2418"]
[Annotator "ChessBase"]
[PlyCount "84"]
[EventDate "2019.10.19"]
[EventType "team-tourn"]
[EventCountry "SVK"]
[SourceTitle "playchess.com"]
[Source "ChessBase"]
[SourceQuality "1"]
[WhiteTeam "Slovakia"]
[BlackTeam "Slovakia"]
[WhiteTeamCountry "SVK"]
[BlackTeamCountry "SVK"]
[TimeControl "40/5400+30:1800+30"]

1. d4 {[%emt 0:00:00]} Nf6 {[%emt 0:00:00]} 2. c4 {[%emt 0:00:01]} g6 {[%emt 0:00:00]} 3. Nc3 {[%emt 0:00:13]} Bg7 {[%emt 0:00:00]} 4. e4 {[%emt 0:00:19]} d6 {[%emt 0:00:04]} 5. f3 {[%emt 0:00:49]} O-O {[%emt 0:00:08]} 6. Nge2 {[%emt 0:00:00]} c5 {[%emt 0:10:00]} 7. d5 {[%emt 0:00:21]} e6 {[%emt 0:04:39]} 8. Ng3 {[%emt 0:00:30]} exd5 {[%emt 0:00:06]} 9. cxd5 {[%emt 0:00:08]} Na6 {[%emt 0:01:09]} 10. Be2 {[%emt 0:02:03]} Nc7 {[%emt 0:02:00]} 11. a4 {[%emt 0:01:03]} a6 {[%emt 0:11:01]} 12. O-O {[%emt 0:01:34]} b6 {[%emt 0:04:55]} 13. Bg5 {[%emt 0:03:05]} h6 {[%emt 0:02:33]} 14. Be3 {[%emt 0:02:53]} Re8 {[%emt 0:00:46]} 15. Qd2 {[%emt 0:01:06]} Kh7 {[%emt 0:00:07]} 16. Rab1 {[%emt 0:05:40]} Bb7 {[%emt 0:10:29]} 17. Rfe1 {[%emt 0:14:50]} Nfxd5 {[%emt 0:06:45]} 18. Bf2 {[%emt 0:05:37]} Nb4 {[%emt 0:03:10]} 19. a5 {[%emt 0:01:52]} b5 {[%emt 0:04:13]} 20. Rbd1 {[%emt 0:06:38]} Ne6 {[%emt 0:08:37]} 21. Qxd6 {[%emt 0:03:11]} Bd4 {[%emt 0:02:21]} 22. Rxd4 {[%emt 0:09:36]} Nxd4 {[%emt 0:03:00]} 23. Qxc5 {[%emt 0:00:54]} Nxe2+ {[%emt 0:00:06]} 24. Rxe2 {[%emt 0:05:54]} Nd3 {[%emt 0:09:19]} 25. Qb6 {[%emt 0:00:55]} Qxb6 {[%emt 0:00:13]} 26. Bxb6 {[%emt 0:00:19]} Rac8 {[%emt 0:02:15]} 27. Rd2 {[%emt 0:07:19]} Nxb2 {[%emt 0:03:34]} 28. Rd7 {[%emt 0:00:07]} Kg8 {[%emt 0:01:30]} 29. Rxb7 {[%emt 0:05:39]} Rxc3 {[%emt 0:00:05]} 30. Ne2 {[%emt 0:00:25]} Ra3 {[%emt 0:04:11]} 31. Ra7 {[%emt 0:07:47]} Nd3 {[%emt 0:00:26]} 32. h4 {[%emt 0:01:01]} b4 {[%emt 0:01:22]} 33. h5 {[%emt 0:08:45]} g5 {[%emt 0:04:21]} 34. Rb7 {[%emt 0:01:49]} b3 {[%emt 0:01:26]} 35. Bd4 {[%emt 0:00:13]} b2 {[%emt 0:00:43]} 36. Nc3 {[%emt 0:01:15]} Rc8 {[%emt 0:01:00]} 37. Nd5 {[%emt 0:00:29]} Rc1+ {[%emt 0:00:38]} 38. Kh2 {[%emt 0:00:04]} b1=Q {[%emt 0:00:30]} 39. Nf6+ {[%emt 0:02:41]} Kf8 {[%emt 0:00:06]} 40. Nd7+ {[%emt 0:01:45]} Ke8 {[%emt 0:00:38]} 41. Nf6+ {[%emt 0:30:32]} Kd8 {[%emt 0:30:05]} 42. Bb6+ {[%emt 0:00:00]} Kc8 {[%emt 0:00:00]} 0-1

[Event "SVK Extraliga 2019-20"]
[Site "Slovakia"]
[Date "2019.10.20"]
[Round "2.6"]
[White "Vojtek, Vladimir"]
[Black "Bochnickova, Andrea"]
[Result "1-0"]
[WhiteElo "2312"]
[BlackElo "2122"]
[Annotator "NA"]
[PlyCount "77"]
[EventDate "2019.10.19"]
[EventType "team-tourn"]
[EventCountry "SVK"]
[SourceTitle "playchess.com"]
[Source "ChessBase"]
[SourceQuality "1"]
[WhiteTeam "Dubnica"]
[TimeControl "40/5400+30:1800+30"]

1. e4 {[%emt 0:00:00]} e5 {[%emt 0:00:00]} 2. Nf3 {[%emt 0:00:00]} Nf6 {[%emt 0:00:00]} 3. Nxe5 {[%emt 0:00:14]} d6 {[%emt 0:00:10]} 4. Nd3 {[%emt 0:01:10]} Nxe4 {[%emt 0:00:30]} 5. Qe2 {[%emt 0:00:05]} Qe7 {[%emt 0:00:32]} 6. Nf4 $11 {[%emt 0:00:09]} c6 {[%emt 0:01:06]} 7. Nc3 {[%emt 0:07:18]} Nxc3 {[%emt 0:03:23]} 8. dxc3 {[%emt 0:00:05]} Qxe2+ {[%emt 0:02:54]} 9. Bxe2 {[%emt 0:00:06]} Bf5 {[%emt 0:00:16]} 10. Nd3 {[%emt 0:02:09]} d5 {[%emt 0:01:20]} 11. Be3 {[%emt 0:01:19]} Be7 {[%emt 0:02:58]} 12. O-O-O {[%emt 0:01:45]} Nd7 {[%emt 0:06:54]} 13. g4 {[%emt 0:03:53]} Be4 {[%emt 0:12:29]} 14. f3 {[%emt 0:01:04]} Bxd3 {[%emt 0:01:12]} 15. cxd3 {[%emt 0:05:18]} O-O {[%emt 0:03:06]} 16. f4 {[%emt 0:12:38]} Rfe8 {[%emt 0:01:08]} 17. Kd2 {[%emt 0:01:30]} b5 {[%emt 0:03:53]} 18. g5 {[%emt 0:01:26]} Bc5 {[%emt 0:02:51]} 19. d4 {[%emt 0:00:56]} Bd6 {[%emt 0:01:59]} 20. Bg4 {[%emt 0:09:34]} Nb6 {[%emt 0:02:33]} 21. b3 {[%emt 0:01:58]} Re7 {[%emt 0:02:02]} 22. Kd3 {[%emt 0:05:51]} a5 {[%emt 0:07:10]} 23. h4 {[%emt 0:07:09]} a4 {[%emt 0:08:36]} 24. f5 {[%emt 0:09:27]} f6 {[%emt 0:23:45]} 25. gxf6 {[%emt 0:03:00]} gxf6 {[%emt 0:00:19]} 26. Rhg1 {[%emt 0:00:08]} Kh8 {[%emt 0:00:54]} 27. h5 {[%emt 0:04:49]} Rae8 {[%emt 0:05:19]} 28. Bd2 {[%emt 0:01:45]} Re4 {[%emt 0:00:40]} 29. Bf3 {[%emt 0:03:40]} Rh4 {[%emt 0:00:14]} 30. Rde1 {[%emt 0:01:55]} Rd8 {[%emt 0:03:34]} 31. Re6 {[%emt 0:01:38]} c5 {[%emt 0:00:45]} 32. Bh6 {[%emt 0:01:45]} c4+ {[%emt 0:00:54]} 33. bxc4 {[%emt 0:01:36]} bxc4+ {[%emt 0:01:39]} 34. Ke3 {[%emt 0:00:22]} Bf8 {[%emt 0:00:43]} 35. Bxf8 {[%emt 0:00:28]} Rxf8 {[%emt 0:00:03]} 36. Rxb6 {[%emt 0:00:14]} Rh2 {[%emt 0:00:21]} 37. Bxd5 {[%emt 0:00:46]} Rxh5 {[%emt 0:00:27]} 38. Bxc4 {[%emt 0:00:29]} Rc8 {[%emt 0:00:23]} 39. Rxf6 {[%emt 0:01:12]} 1-0

[Event "SVK Extraliga 2019-20"]
[Site "Slovakia"]
[Date "2019.10.20"]
[Round "2.6"]
[White "Cibickova, Zuzana"]
[Black "Pinter, Erik"]
[Result "1/2-1/2"]
[WhiteElo "2258"]
[BlackElo "2350"]
[Annotator "NA"]
[PlyCount "100"]
[EventDate "2019.10.19"]
[EventType "team-tourn"]
[EventCountry "SVK"]
[SourceTitle "playchess.com"]
[Source "ChessBase"]
[SourceQuality "1"]
[WhiteTeam "Komarno"]
[BlackTeam "Snina"]
[TimeControl "40/5400+30:1800+30"]

1. e4 {[%emt 0:00:00]} c6 {[%emt 0:00:21]} 2. Nc3 {[%emt 0:01:04]} d5 {[%emt 0:00:15]} 3. Nf3 {[%emt 0:00:18]} dxe4 {[%emt 0:02:27]} 4. Nxe4 {[%emt 0:00:14]} Nf6 {[%emt 0:00:09]} 5. Nxf6+ {[%emt 0:00:55]} exf6 {[%emt 0:00:18]} 6. d4 {[%emt 0:01:04]} Bd6 {[%emt 0:00:12]} 7. Be2 {[%emt 0:10:39]} O-O {[%emt 0:01:28]} 8. O-O {[%emt 0:00:32]} Re8 {[%emt 0:00:45]} 9. b3 {[%emt 0:03:02]} Nd7 {[%emt 0:13:00]} 10. Bb2 {[%emt 0:00:27]} a5 {[%emt 0:00:59]} 11. a3 {[%emt 0:15:52]} Nf8 {[%emt 0:00:22]} 12. Re1 {[%emt 0:01:39]} Ng6 {[%emt 0:02:44]} 13. Bf1 {[%emt 0:04:42]} Nf4 {[%emt 0:07:13]} 14. Rxe8+ Qxe8 {[%emt 0:00:07]} 15. Ne1 {[%emt 0:06:08]} Bf5 {[%emt 0:22:46]} 16. Nd3 {[%emt 0:04:16]} Ne6 {[%emt 0:01:11]} 17. Qf3 {[%emt 0:07:59]} Bg6 {[%emt 0:01:26]} 18. h4 $11 {[%emt 0:01:07]} h5 {[%emt 0:03:29]} 19. Re1 {[%emt 0:11:19]} Qd7 {[%emt 0:13:00]} 20. Rd1 {[%emt 0:09:57]} Qe7 {[%emt 0:11:01]} 21. a4 {[%emt 0:04:22]} Rd8 {[%emt 0:02:31]} 22. c3 {[%emt 0:03:29]} Ba3 {[%emt 0:02:44]} 23. Bc1 {[%emt 0:02:11]} Bxc1 {[%emt 0:02:27]} 24. Nxc1 {[%emt 0:00:47]} Nc7 {[%emt 0:04:13]} 25. Bd3 {[%emt 0:02:22]} Nd5 {[%emt 0:00:45]} 26. Bxg6 fxg6 {[%emt 0:00:09]} 27. c4 {[%emt 0:03:59]} Nc7 {[%emt 0:02:41]} 28. Ne2 {[%emt 0:01:06]} Kh7 {[%emt 0:02:13]} 29. Nf4 {[%emt 0:00:26]} Qf7 {[%emt 0:00:30]} 30. Qc3 {[%emt 0:00:41]} b6 {[%emt 0:00:50]} 31. Qf3 {[%emt 0:00:50]} Ne6 {[%emt 0:00:23]} 32. Nxe6 {[%emt 0:00:30]} Qxe6 {[%emt 0:00:30]} 33. g3 {[%emt 0:03:09]} Rd6 {[%emt 0:02:14]} 34. Kg2 {[%emt 0:00:50]} Qd7 {[%emt 0:00:47]} 35. Qf4 {[%emt 0:00:09]} Qd8 {[%emt 0:00:23]} 36. Rd3 {[%emt 0:00:46]} Qd7 {[%emt 0:00:10]} 37. Rd2 {[%emt 0:00:32]} Qd8 {[%emt 0:00:06]} 38. Qe4 {[%emt 0:00:04]} Qd7 {[%emt 0:00:35]} 39. d5 {[%emt 0:01:14]} Qd8 {[%emt 0:01:05]} 40. Rd3 {[%emt 0:00:25]} Kh6 {[%emt 0:00:54]} 41. Kf1 {[%emt 0:05:23]} Kh7 {[%emt 0:01:39]} 42. Ke2 {[%emt 0:01:23]} Qc8 {[%emt 0:04:16]} 43. Qf4 {[%emt 0:04:43]} Qd7 {[%emt 0:05:18]} 44. dxc6 {[%emt 0:04:50]} Re6+ {[%emt 0:00:16]} 45. Re3 {[%emt 0:05:28]} Rxc6 {[%emt 0:03:52]} 46. Kf1 {[%emt 0:04:17]} Rd6 {[%emt 0:02:30]} 47. Kg2 {[%emt 0:02:39]} Rd1 {[%emt 0:05:30]} 48. Qf3 {[%emt 0:00:43]} Rd2 {[%emt 0:00:59]} 49. Re2 {[%emt 0:01:14]} Rxe2 {[%emt 0:07:18]} 50. Qxe2 {[%emt 0:00:02]} Qd4 {[%emt 0:00:45]} 1/2-1/2

[Event "SVK Extraliga 2019-20"]
[Site "Slovakia"]
[Date "2019.10.20"]
[Round "2.7"]
[White "Briestensky, Rastislav"]
[Black "Banas, Kamil"]
[Result "1-0"]
[WhiteElo "2344"]
[BlackElo "2280"]
[Annotator "ChessBase"]
[PlyCount "29"]
[EventDate "2019.10.19"]
[EventType "team-tourn"]
[EventCountry "SVK"]
[SourceTitle "playchess.com"]
[Source "ChessBase"]
[SourceQuality "1"]
[WhiteTeam "Slovakia"]
[BlackTeam "Slovakia"]
[WhiteTeamCountry "SVK"]
[BlackTeamCountry "SVK"]
[TimeControl "40/5400+30:1800+30"]

1. e4 {[%emt 0:00:00]} e5 {[%emt 0:01:05]} 2. Nf3 {[%emt 0:00:00]} Nf6 {[%emt 0:00:01]} 3. d3 {[%emt 0:06:07]} Nc6 {[%emt 0:01:04]} 4. c4 {[%emt 0:00:43]} Bc5 {[%emt 0:04:05]} 5. Be2 {[%emt 0:03:05]} d6 {[%emt 0:01:43]} 6. O-O {[%emt 0:00:28]} Bg4 {[%emt 0:03:59]} 7. Nc3 {[%emt 0:03:58]} h6 {[%emt 0:02:29]} 8. Be3 {[%emt 0:10:32]} a5 {[%emt 0:21:56]} 9. Nb5 {[%emt 0:17:07]} Qe7 {[%emt 0:05:08]} 10. h3 {[%emt 0:08:58]} Bc8 {[%emt 0:02:22]} 11. Nc3 {[%emt 0:03:33]} Nd8 {[%emt 0:06:35]} 12. d4 {[%emt 0:09:26]} exd4 {[%emt 0:01:24]} 13. Nxd4 {[%emt 0:00:26]} Nxe4 {[%emt 0:05:42]} 14. Nd5 {[%emt 0:02:35]} Qd7 {[%emt 0:01:15]} 15. Bg4 {[%emt 0:04:13]} 1-0

[Event "SVK Extraliga 2019-20"]
[Site "Slovakia"]
[Date "2019.10.20"]
[Round "2.7"]
[White "Krak, Tomas"]
[Black "Maslikova, Veronika"]
[Result "1-0"]
[WhiteElo "2269"]
[BlackElo "2230"]
[Annotator "NA"]
[PlyCount "41"]
[EventDate "2019.10.19"]
[EventType "team-tourn"]
[EventCountry "SVK"]
[SourceTitle "playchess.com"]
[Source "ChessBase"]
[SourceQuality "1"]
[WhiteTeam "Snina"]
[BlackTeam "Podhajska"]
[TimeControl "40/5400+30:1800+30"]

1. Nf3 {[%emt 0:00:00]} Nf6 {[%emt 0:00:02]} 2. c4 {[%emt 0:00:05]} e6 {[%emt 0:02:26]} 3. g3 {[%emt 0:00:20]} Be7 {[%emt 0:03:31]} 4. Bg2 {[%emt 0:00:12]} O-O {[%emt 0:00:07]} 5. O-O {[%emt 0:00:13]} d6 {[%emt 0:01:36]} 6. d4 {[%emt 0:03:55]} Nbd7 {[%emt 0:00:28]} 7. Nc3 {[%emt 0:02:18]} Re8 {[%emt 0:03:10]} 8. b3 {[%emt 0:03:56]} e5 {[%emt 0:08:59]} 9. Qc2 {[%emt 0:02:48]} c6 {[%emt 0:02:31]} 10. Bb2 {[%emt 0:02:53]} Qc7 {[%emt 0:02:52]} 11. Rfd1 {[%emt 0:06:45]} a5 $14 {[%emt 0:12:36]} 12. c5 {[%emt 0:28:17]} Qb8 {[%emt 0:14:24]} 13. cxd6 {[%emt 0:08:45]} Bxd6 {[%emt 0:00:27]} 14. Ng5 {[%emt 0:15:00]} exd4 {[%emt 0:24:24]} 15. Rxd4 {[%emt 0:00:09]} h6 {[%emt 0:00:51]} 16. Nf3 {[%emt 0:09:37]} Bc5 {[%emt 0:04:58]} 17. Rf4 {[%emt 0:02:22]} Bd6 {[%emt 0:04:18]} 18. Rh4 {[%emt 0:02:13]} Ra6 {[%emt 0:02:53]} 19. Rd1 {[%emt 0:00:13]} Bf8 {[%emt 0:02:11]} 20. Ne4 {[%emt 0:01:01]} c5 {[%emt 0:01:49]} 21. e3 {[%emt 0:04:20]} 1-0